00924nam a2200241 i 4500001000300000100001800003245006300021260004000084300003500124490010400159504002100263650002200284650001800306650002700324655003000351700003100381830009200412040000800504041000700512080002400519008004100543856009800584bg1 aSIKORA, Wanda10aSurowce ilaste /cWanda Sikora, Edeltrauda Helios Rybicka. aKraków :bWydawnictwa AGH,c1994. a26 s. :brys., wykr. ;c23 cm.1 aSkrypty Uczelniane / Akademia Górniczo-Hutnicza im. S. Staszica w Krakowie,x0239-6114 ;vnr 1404 aBibliogr. s. 26. 9aCeramikaxsurowce 9aIłxgeologia 9aKrzemianyxzagadnienia aPodręczniki akademickie1 aHELIOS-RYBICKA, Edeltrauda 0aSkrypty Uczelniane (Akademia Górniczo-Hutnicza im. S. Staszica w Krakowie) ;vnr 1404 cBPK0 apl a553.6:666.3](075.8) s pl f |000 0 pol  uhttp://koha.tu.koszalin.pl/cgi-bin/koha/opac-detail.pl?biblionumber=32123yKatalog online BPK